Capital to Country Click Quiz #4 - Statistics

General Stats
  • This quiz has been taken 189 times
  • The average score is 17 of 20
Answer Stats
Hint Answer % Correct
Ottawa Canada
99%
Djibouti Djibouti
97%
Paris France
97%
Reykjavik Iceland
97%
Stockholm Sweden
97%
Lima Peru
96%
Seoul South Korea
96%
Pyongyang North Korea
95%
Islamabad Pakistan
94%
Kuala Lumpur Malaysia
93%
Vilnius Lithuania
89%
Podgorica Montenegro
84%
Kinshasa Democratic Republic of the Congo
78%
Harare Zimbabwe
74%
Malé Maldives
73%
Roseau Dominica
67%
Dodoma Tanzania
67%
Asmara Eritrea
64%
Lomé Togo
63%
Honiara Solomon Islands
62%
No matching quizzes found
Score Distribution
Percent of People with Each Score
Percentile by Number Answered
Your Score History
You have not taken this quiz